000 00684nam a2200205 u 4500
001 000471425
003 AM-YeHGA
005 20250617133850.0
008 060119s2004 ||| r ||| 0 rus d
020 _a5222048969
040 _aAM-YeHGA
041 0 _arus
100 1 _aВасютин, Александр Михайлович.
245 1 0 _aПсихохирургия, или Психотехники нового поколения /
_cА.М. Васютин.
260 _aРостов-на-Дону :
_bФеникс,
_c2004.
300 _a560 с.
440 0 _aПсихологический практикум
650 1 4 _aПсихохирургия
090 _c173870
999 _c172432
_d172432